Facts from figures (Record no. 19601)

MARC details
000 -LEADER
fixed length control field 00275nam a2200121Ia 4500
082 ## - DEWEY DECIMAL CLASSIFICATION NUMBER
Item number MOR;1
100 ## - MAIN ENTRY--AUTHOR NAME
Personal name MORONEY, M J
245 #0 - TITLE STATEMENT
Title Facts from figures
250 ## - EDITION STATEMENT
Edition statement Ed.3
260 ## - PUBLICATION, DISTRIBUTION, ETC. (IMPRINT)
Place of publication Middlesex
Name of publisher Penguin
Year of publication 1956
942 ## - ADDED ENTRY ELEMENTS (KOHA)
Koha item type Books
Holdings
Withdrawn status Lost status Damaged status Not for loan Home library Current library Date acquired Full call number Accession Number Koha item type
        RRII Library RRII Library 16/12/2021 MOR;1 00335 Books